Introduction to topology, differential geometry and group theory for physicists (Record no. 68416)

MARC details
000 -LEADER
fixed length control field 00426nam a2200157Ia 4500
008 - FIXED-LENGTH DATA ELEMENTS--GENERAL INFORMATION
fixed length control field 230917s9999||||xx |||||||||||||| ||und||
020 ## - ISBN
Price RS70
040 ## - CATALOGING SOURCE
-- 21021
Original cataloging agency VIVEKANANDA LIBRARY
041 ## - Language
-- English
082 ## - DDC NUMBER
Classification number 514 M896I
100 ## - MAIN ENTRY--PERSONAL NAME
Personal name Mukhi, Sunil
245 #0 - TITLE STATEMENT
Title Introduction to topology, differential geometry and group theory for physicists
260 ## - PUBLICATION, DISTRIBUTION, ETC. (IMPRINT)
Place of publication, distribution, etc New Delhi
Name of publisher, distributor, etc Wiley Eastern
Date of publication, distribution, etc 1990
300 ## - PHYSICAL DESCRIPTION
Pages xii, 210 p.
942 ## - ADDED ENTRY ELEMENTS (KOHA)
Koha item type Books
Holdings
Withdrawn status Lost status Damaged status Not for loan Location (home branch) Sublocation or collection (holding branch) Date acquired Koha issues (times borrowed) Koha full call number Accession No. Koha date last seen Koha item type
        VIVEKANANDA LIBRARY VIVEKANANDA LIBRARY 08/08/2002   514 M896I 141404 17/09/2023 Books
        VIVEKANANDA LIBRARY VIVEKANANDA LIBRARY 08/08/2002   514 M896I 141541 17/09/2023 Books
        VIVEKANANDA LIBRARY VIVEKANANDA LIBRARY 08/08/2002   514 M896I 141791 17/09/2023 Books
        VIVEKANANDA LIBRARY VIVEKANANDA LIBRARY 08/08/2002   514 M896I 141792 17/09/2023 Books
        VIVEKANANDA LIBRARY VIVEKANANDA LIBRARY 08/08/2002   514 M896I 141793 17/09/2023 Books
        VIVEKANANDA LIBRARY VIVEKANANDA LIBRARY 08/08/2002   514 M896I 141794 17/09/2023 Books
        VIVEKANANDA LIBRARY VIVEKANANDA LIBRARY 08/08/2002   514 M896I 147712 17/09/2023 Books
© Designed and Maintained by Vivekananda Library, MDU Rohtak